Country Flags with One Star - Statistics

General Stats
  • This quiz has been taken 1,675 times
  • The average score is 19 of 36
Answer Stats
Country % Correct
Vietnam
78%
Somalia
73%
Ghana
70%
Algeria
69%
Tunisia
67%
Turkey
67%
Morocco
66%
Senegal
63%
Cameroon
61%
Pakistan
58%
Libya
56%
Burma
54%
Chile
54%
D.R. Congo
53%
Liberia
53%
Nauru
52%
Cuba
51%
Ethiopia
50%
Togo
50%
Burkina Faso
49%
Mauritania
49%
South Sudan
49%
Angola
48%
Guinea-Bissau
47%
Israel
47%
Marshall Islands
47%
Jordan
46%
Azerbaijan
45%
Djibouti
45%
Suriname
44%
Central African Republic
43%
North Korea
43%
Malaysia
42%
Zimbabwe
41%
Mozambique
40%
East Timor
34%
No matching quizzes found
Score Distribution
Percent of People with Each Score
Percentile by Number Answered
Your Score History
You have not taken this quiz